LEADER 01314nam 2200349 450 001 9910493736103321 005 20230508213246.0 035 $a(CKB)5590000000537461 035 $a(NjHacI)995590000000537461 035 $a(EXLCZ)995590000000537461 100 $a20230508d2021 uy 0 101 0 $aeng 135 $aur||||||||||| 181 $ctxt$2rdacontent 182 $cc$2rdamedia 183 $acr$2rdacarrier 200 10$aPowers of Protection /$fGergely Hidas 210 1$aBerlin ;$aBoston :$cDe Gruyter,$d2021. 215 $a1 online resource (418 pages) 311 $a3-11-071346-2 330 $aThis volume explores the most extensive tradition of Buddhist dharani literature and provides access to the earliest available materials for the first time. The Dha?ran?i?sam?graha collections have been present in South Asia, and especially in Nepal, for more than eight hundred years and served to supply protection, merit and auspiciousness for those who commissioned their compilation. 517 $aPowers of Protection 606 $aBuddhism 615 0$aBuddhism. 676 $a294.3 700 $aHidas$b Gergely$0967935 801 0$bNjHacI 801 1$bNjHacl 906 $aBOOK 912 $a9910493736103321 996 $aPowers of Protection$92814662 997 $aUNINA LEADER 03306nam 2200745Ia 450 001 9910959898503321 005 20251116175157.0 010 $a1-84445-118-6 010 $a1-134-61197-8 010 $a1-134-61198-6 010 $a0-203-25281-0 010 $a1-280-33306-5 010 $a0-203-02020-0 024 7 $a10.4324/9780203020203 035 $a(CKB)1000000000248435 035 $a(EBL)169720 035 $a(OCoLC)263594577 035 $a(SSID)ssj0000291392 035 $a(PQKBManifestationID)11235033 035 $a(PQKBTitleCode)TC0000291392 035 $a(PQKBWorkID)10267883 035 $a(PQKB)10326612 035 $a(SSID)ssj0000120978 035 $a(PQKBManifestationID)11141068 035 $a(PQKBTitleCode)TC0000120978 035 $a(PQKBWorkID)10092945 035 $a(PQKB)11443652 035 $a(MiAaPQ)EBC169720 035 $a(Au-PeEL)EBL169720 035 $a(CaPaEBR)ebr10054550 035 $a(CaONFJC)MIL33306 035 $a(EXLCZ)991000000000248435 100 $a19990713d2000 uy 0 101 0 $aeng 135 $aur|n|---||||| 181 $ctxt 182 $cc 183 $acr 200 00$aChildhood studies $ea reader in perspectives of childhood /$fedited by Jean Mills and Richard Mills 205 $a1st ed. 210 $aLondon ;$aNew York $cRoutledge$d2000 215 $a1 online resource (219 p.) 300 $aDescription based upon print version of record. 311 08$a0-415-21415-7 311 08$a0-415-21414-9 320 $aIncludes bibliographical references and index. 327 $aBook Cover; Title; Contents; Contributors; Acknowledgements; Introduction Jean Mills and Richard Mills; Overview; Perspectives of childhood Richard Mills; Literature; The child in nineteenth-century literature Jean Mills; Childhood and twentieth-century children's literature Fay Sampson; Education; Children at play Susannah Smith; Language and thought Alison Johnson; Moral and spiritual growth Jack Priestley; Cultural studies; Race, class and gender Neill Thew; Children in film Stuart Hanson; Research; Uncovering the history of childhood Maxine Rhodes 327 $aResearching childhood Jean Mills and Richard MillsIndex 330 $aThe nature of childhood, the consideration of whether a certain age denotes innocence or not, and the desire to teach good citizenship to our children are all issues commonly discussed by today's media. This book brings together a variety of perspectives on the study of childhood: how this has been treated historically and how such a concept is developing as we move into the next century.The book is divided into five main sections:* part one sets the scene and provides the reader with an overview of attitudes towards childhood.* part two survey 606 $aChildren$xResearch 606 $aChild development$xResearch 606 $aChildren$xAttitudes 615 0$aChildren$xResearch. 615 0$aChild development$xResearch. 615 0$aChildren$xAttitudes. 676 $a305.23/07/2 701 $aMills$b Jean$f1947-$01875815 701 $aMills$b Richard W$01875814 801 0$bMiAaPQ 801 1$bMiAaPQ 801 2$bMiAaPQ 906 $aBOOK 912 $a9910959898503321 996 $aChildhood studies$94490593 997 $aUNINA LEADER 01351nam0 22003011i 450 001 UON00123491 005 20231205102726.896 100 $a20020107d1981 |0itac50 ba 101 $aeng 102 $aNL 105 $a|||| 1|||| 200 1 $aˆThe ‰Chronicles of the Pathan Kings of Delhi$eor the Muslim Sultanate of Hindustan, c. 589/1193 - 964/1556 illustrated by coins, inscriptions, and other antiquaria remains... / Edward Thomas 210 $aAmsterdam: APA, Oriental Press$d1981 215 $aXXV, 467 p., c. di tav.$cill.$d24 cm 606 $aEPIGRAFIA INDIANA$xDELHI$3UONC013588$2FI 606 $aIndia$xStoria$xSec. VII-XVI$3UONC008087$2FI 606 $aNUMISMATICA$xINDIA$3UONC000662$2FI 620 $aNL$dAmsterdam$3UONL001817 686 $aSI XX B$cSUBCONT. INDIANO - NUMISMATICA$2A 700 1$aTHOMAS$bEdward$3UONV020115$0387146 712 $aAPA$3UONV257042$4650 712 $aOriental Press$3UONV246649$4650 801 $aIT$bSOL$c20260306$gRICA 899 $aSIBA - SISTEMA BIBLIOTECARIO DI ATENEO E ARCHIVIO STORICO$2UONSI 912 $aUON00123491 950 $aSIBA - SISTEMA BIBLIOTECARIO DI ATENEO E ARCHIVIO STORICO$dSI SI XX B 023 $eSI SA 34396 7 023 996 $aChronicles of the Pathan Kings of Delhi$91317775 997 $aUNIOR LEADER 06454oam 2201189 c 450 001 9910265138403321 005 20260302090207.0 010 $a9783839424872 010 $a3839424879 024 7 $a10.14361/transcript.9783839424872 035 $a(CKB)2670000000572660 035 $a(EBL)1914297 035 $a(SSID)ssj0001431720 035 $a(PQKBManifestationID)11995005 035 $a(PQKBTitleCode)TC0001431720 035 $a(PQKBWorkID)11385006 035 $a(PQKB)10412022 035 $a(MiAaPQ)EBC1914297 035 $a(DE-B1597)427551 035 $a(OCoLC)903963662 035 $a(OCoLC)979647282 035 $a(DE-B1597)9783839424872 035 $a(MiAaPQ)EBC6695251 035 $a(Au-PeEL)EBL6695251 035 $a(ScCtBLL)e1debe48-8a35-4c92-99e0-0b99270068ea 035 $a(transcript Verlag)9783839424872 035 $a(oapen)https://directory.doabooks.org/handle/20.500.12854/29933 035 $a(PPN)266047017 035 $a(Perlego)1461971 035 $a(oapen)doab29933 035 $a(EXLCZ)992670000000572660 100 $a20260302d2014 uy 0 101 0 $ager 135 $aur|n|---||||| 181 $ctxt 182 $cc 183 $acr 200 00$a20 Jahre Asylkompromiss$eBilanz und Perspektiven$fStefan Luft, Peter Schimany 205 $a1st ed. 210 $aBielefeld$ctranscript Verlag$d2014 215 $a1 online resource (333 p.) 225 0 $aEdition Politik 300 $aThe contributions analyze immigration policy in the context of the asylum compromise and highlight perspectives of European protection of refugees. 311 08$a9783837624878 311 08$a3837624870 311 08$a9781322226941 311 08$a1322226946 320 $aIncludes bibliographical references at the end of each chapters. 327 $a1 Inhalt 5 Vorwort 9 Asylpolitik im Wandel 11 Asylmigration nach Deutschland 33 Asylpolitik in Deutschland - Akteure, Interessen, Strategien 69 »Asylpolitik im Rauch der Brandsa?tze« - der zeitgeschichtliche Kontext 87 Kein fairer Tausch Zur Bedeutung der Reform der Aussiedlerpolitik im Kontext des Asylkompromisses 105 A) Der Asylkompromiss in der politisch-parlamentarischen Debatte 129 B) Die Zuwanderung in der o?ffentlich-medialen Debatte 157 Recht auf Auswanderung - Recht auf Einwanderung? Migrationsgerechtigkeit heute 169 Das Bundesamt fu?r Migration und Flu?chtlinge und der Wandel des Asylrechts 187 Anforderungen an ein humanes Asylrecht 201 Asyl und Arbeitsmarkt - zur sozialen Lage von Asylbewerbern 219 Die Europa?isierung der Asyl- und Flu?chtlingspolitik 241 Grenzsicherung der Europa?ischen Union - ein neuer »Eiserner Vorhang« im 21. Jahrhundert? 275 Asylrecht und Flu?chtlingsschutz aus internationaler Perspektive Internationale Zusammenarbeit und Solidarita?t als Voraussetzungen fu?r effektiven Flu?chtlingsschutz 307 Autoreninformation 327 329 330 $aIn der politischen Geschichte der Bundesrepublik Deutschland gilt der Asylkompromiss von 1992/93 als höchst kontroverse Entscheidung, die bis heute, rund 20 Jahre später, Auswirkungen auf die Asylmigration hat. In diesem Band analysieren Wissenschaftler das damalige Flüchtlingsgeschehen, die Interessen der politischen Akteure sowie die Europäisierung der Flüchtlingspolitik. Zeitzeugen aus der Politik und Journalisten diskutieren, inwieweit die angestrebten Ziele erreicht wurden oder ob sich die Kritik an der Entscheidung als gerechtfertigt erwiesen hat.Vertreter von Flüchtlingsorganisationen sowie des Bundesamtes für Migration und Flüchtlinge zeigen Perspektiven des Flüchtlingsschutzes auf. 330 1 $a»Ob man nun den teilweise naheliegenden Ansichten der Autoren zustimmen mag oder nicht ? die Argumente der Redner sind fundiert und umfangreich. In Anbetracht der jüngst verstärkt aufgeflammten Debatte um Zuwanderung können diese Argumente Anlass sein, eine sachliche, dem Thema angemessene Debatte über Zuwanderung zu führen ? abseits der Straßen, argumentativ und zukunftsgewandt.« 330 1 $aBesprochen in:ARD Presseclub, 05.10.2014http://blogs.uni-bremen.de, 11 (2014)IDA NRW, 4 (2014)SWR International, Buchtipps, 1 (2015)BzgA-InfoDienst Migration, 1 (2015)Portal für Politikwissenschaft, 02.07.2015, Simone WinkensZeitschrift für Ausländerrecht, 10 (2015), Patrice G. Poutrus 330 1 $a»Diese chronologisch und inhaltlich klar geordnete Sachpublikation bietet eine gelungene Übersicht über eine bis in die Gegenwart ungelöste Frage.Das Buch ist allen zu empfehlen, die sich einen breiten und fundierten Überblick in prägnanter und gut lesbarer Form verschaffen möchten.« 330 1 $a»Wie sehr das Thema auch heute noch zur Agitation taugt, zeigte sich den Autoren, als eine ihrer Veranstaltungen nur unter Polizeischutz stattfinden konnte.« 410 0$aEdition Politik ;$vBand 16. 517 2 $aLuft/Schimany (Hg.), 20 Jahre Asylkompromiss$eBilanz und Perspektiven 606 $aAsyl 606 $aAsylum 606 $aFlüchtlinge 606 $aRefugees 606 $aMigration 606 $aSpätaussiedler 606 $aLate Repatriate 606 $aDeutschland 606 $aGermany 606 $aPolitik 606 $aPolitics 606 $aMigrationspolitik 606 $aMigration Policy 606 $aPolicy 606 $aSozialpolitik 606 $aSocial Policy 606 $aPolitikwissenschaft 606 $aPolitical Science 615 4$aAsyl 615 4$aAsylum 615 4$aFlüchtlinge 615 4$aRefugees 615 4$aMigration 615 4$aSpätaussiedler 615 4$aLate Repatriate 615 4$aDeutschland 615 4$aGermany 615 4$aPolitik 615 4$aPolitics 615 4$aMigrationspolitik 615 4$aMigration Policy 615 4$aPolicy 615 4$aSozialpolitik 615 4$aSocial Policy 615 4$aPolitikwissenschaft 615 4$aPolitical Science 676 $a342.43083 686 $aMG 15900$2rvk 702 $aLuft$b Stefan$p
Stefan Luft, Universität Bremen, Deutschland
$4edt 702 $aSchimany$b Peter$pPeter Schimany, BAMF Nürnberg und Universität Passau, Deutschland
$4edt 801 0$bDE-B1597 801 1$bDE-B1597 906 $aBOOK 912 $a9910265138403321 996 $a20 Jahre Asylkompromiss$94415219 997 $aUNINA